Sourcebook on remote sensing and biodiversity indicators / (Registro nro. 5706)
[ vista simple ]
| 000 -CABECERA | |
|---|---|
| Campo de control | 01103nam a2200301 a 4500 |
| 005 - FECHA Y HORA DE LA ULTIMA TRANSACCION | |
| Campo de control | 20191224041813.0 |
| 008 - ELEMENTOS DE LONGITUD FIJA—INFORMACION GENERAL | |
| Campo de control | 160722t2007 -cnabd||r|||| 00| 0 eng d |
| 020 ## - ISBN | |
| ISBN | 9292250728 |
| 040 ## - FUENTE DE CATALOGACIÓN | |
| Agencia catalogadora original | CO-BoIAVH |
| Agencia transcriptora | CO-BoIAVH |
| 041 0# - IDIOMA | |
| Código de idioma para texto/pista de sonido o título separado | Inglés |
| 044 ## - PAÍS DE PUBLICACIÓN | |
| País de publicación | Canadá |
| 082 04 - NUMERO DE CLASIFICACION DECIMAL DEWEY | |
| Número de clasificación | 333.9514028 |
| Número del ítem | S72r |
| 245 00 - MENCION DE TITULO | |
| Título | Sourcebook on remote sensing and biodiversity indicators / |
| Mención de responsabilidad | editado por Strand, Holly [y otros 5] |
| 260 ## - PUBLICACION, DISTRIBUCION, ETC. (PIE DE IMPRENTA) | |
| Lugar de publicación, distribución, etc. | Montreal, Canadá : |
| Nombre del editor, distribuidor, etc. | Secretariat of the Convention on Biological Diversity, |
| Fecha de publicación, distribución, etc. | 2007. |
| 300 ## - DESCRIPCION FISICA | |
| Extensión | 201 páginas : |
| Otros detalles físicos | ilustraciones, mapas a color y gráficas a color ; |
| Dimensiones | 28 x 20 cm. |
| 490 ## - MENCION DE SERIE | |
| Mención de serie | CBD Technical Series ; |
| Designación numérica/secuencial del volumen | 32 |
| 504 ## - NOTA DE BIBLIOGRAFIA, ETC. | |
| Nota de bibliografía | Incluye referencias bibliográficas. |
| 650 26 - ASIENTO SECUNDARIO DE MATERIA - TERMINO TEMATICO | |
| Término temático o nombre geográfico como elemento de entrada | Teledetección |
| 9 (RLIN) | 10840 |
| 650 26 - ASIENTO SECUNDARIO DE MATERIA - TERMINO TEMATICO | |
| Término temático o nombre geográfico como elemento de entrada | Sensores |
| 9 (RLIN) | 68198 |
| 650 26 - ASIENTO SECUNDARIO DE MATERIA - TERMINO TEMATICO | |
| Término temático o nombre geográfico como elemento de entrada | Biodiversidad |
| Subdivisión de forma | indicadores |
| 9 (RLIN) | 73085 |
| 700 1# - ASIENTO SECUNDARIO - NOMBRE PERSONAL | |
| Nombre personal | Strand, Holly |
| Término de relación | editora |
| 9 (RLIN) | 13541 |
| 700 1# - ASIENTO SECUNDARIO - NOMBRE PERSONAL | |
| Nombre personal | Höfr, Robert |
| Término de relación | editor |
| 9 (RLIN) | 73081 |
| 700 1# - ASIENTO SECUNDARIO - NOMBRE PERSONAL | |
| Nombre personal | Strittholt, James |
| Término de relación | editor |
| 9 (RLIN) | 73082 |
| 700 1# - ASIENTO SECUNDARIO - NOMBRE PERSONAL | |
| Nombre personal | Miles, Lera |
| Término de relación | editora |
| 9 (RLIN) | 21367 |
| 700 1# - ASIENTO SECUNDARIO - NOMBRE PERSONAL | |
| Nombre personal | Horning, Ned |
| Término de relación | editor |
| 9 (RLIN) | 100 |
| 700 1# - ASIENTO SECUNDARIO - NOMBRE PERSONAL | |
| Nombre personal | Fosnight, Eugene |
| Término de relación | editor |
| 9 (RLIN) | 73083 |
| 942 ## - ELEMENTOS ADICIONALES (KOHA) | |
| Tipo de ítem | Libro |
| Sistema de clasificación | Dewey Decimal Classification |
| Withdrawn status | Lost status | Sistema de Clasificación | Damaged status | No para préstamo | Colección | Inventariado | Ubicación Permanente | Ubicación actual | Fecha de adquisición | Fuente de Valor | Valor | Total Checkouts | Número topográfico | Inventario / Código de Barras | Date last seen | Ejemplar | Price effective from | Forma de adquisición | Tipo de material |
|---|---|---|---|---|---|---|---|---|---|---|---|---|---|---|---|---|---|---|---|
| Dewey Decimal Classification | General | Inventariado 2017 | Bogotá | Bogotá | 24/07/2007 | Instituto | 39000.00 | LB-333.9514028 S72r | 024777 | 04/12/2012 | Ej.1 | 04/12/2012 | Donación | Libro |